00950nam a2200217 a 450000100100000000500170001000800410002702000150006804000250008308200150010810000420012324500850016526000980025030000210034849000410036950000740041050000700048483000480055495201130060299900170071500004183220201002035800.0131018s1988 sp 000 0 spa d a8400066529 aDO-SdBNPbspacBNPHU axxxbR696n1 aRodríguez Adrados, Francisco91864110aNuevos Estudios de Lingüística Indoeuropea /cFrancisco Rodríguez Adrados. aMadrid :bConsejo Superior de Investigaciones Científicas, Instituto de Filología,c1988. a623 p. ;c24 cm.1 aManuales y anejos de "Emérita"v37 aIncluye referencias bibliográficas y notas al pie de las páginas. aIncluye datos biográficos del autor en la solapa de la cubierta 0aManuales y anejos de "Emérita"n37968712 001050718MOaGRbGRcCTd2013-10-18iLF1l0oxxx R696np41832-10r2020-06-25w2020-06-25y1ZNo se presta c41321d41321